[Event "Vox Populi!!"]
[Site "SchemingMind.com"]
[Date "2008.05.19"]
[Round "-"]
[White "rampichino"]
[Black "chesshub"]
[Result "0-1"]
[WhiteCountry "ITA"]
[BlackCountry "FRA"]
[WhiteElo "1318"]
[WhiteRD "69"]
[BlackElo "2384"]
[BlackRD "74"]
[GameID "155249"]

1. e4 e5 2. Nf3 Nc6 3. d4 exd4 4. Nxd4 Bc5 5. Be3 Qf6 6. c3 Nge7 7. Be2 d5 8. Nd2 O-O 9. exd5 Nxd4 10. Bxd4 Bxd4
11. cxd4 Qxd4 12. Qb3 Nxd5 13. O-O-O Be6 14. Nc4 Qc5
0-1

[Event "Vox Populi!!"]
[Site "SchemingMind.com"]
[Date "2008.05.18"]
[Round "-"]
[White "chesshub"]
[Black "rampichino"]
[Result "1-0"]
[WhiteCountry "FRA"]
[BlackCountry "ITA"]
[WhiteElo "2384"]
[WhiteRD "74"]
[BlackElo "1318"]
[BlackRD "69"]
[GameID "155255"]

1. e4 d5 2. exd5 Qxd5 3. Nc3 Qd6 4. d4 Nf6 5. Nf3 Bg4 6. h3 Bxf3 7. Qxf3 Nc6 8. Bb5 a6 9. Bxc6+ bxc6 10. O-O e6
11. Bg5 Be7 12. Bxf6 Bxf6 13. Ne4 Qe7 14. Nxf6+ Qxf6 15. Qxc6+
1-0

[Event "Vox Populi!!"]
[Site "SchemingMind.com"]
[Date "2008.05.18"]
[Round "-"]
[White "mmccaffe"]
[Black "Jochen"]
[Result "1-0"]
[WhiteCountry "USA"]
[BlackCountry "GBR"]
[WhiteElo "1606"]
[WhiteRD "57"]
[BlackElo "1120"]
[BlackRD "67"]
[GameID "155495"]

1. e4 e5 2. Nf3 Bc5 3. Bc4 Qf6 4. d3 Na6 5. Bg5 Qb6 6. O-O Ne7 7. b3 f6 8. Bd2 Ng6 9. Nc3 Nf4 10. Bxf4 Nb4
11. Bd2 a6 12. a3 Nc6 13. Nd5 Bxf2+ 14. Rxf2 Qc5 15. b4 Qd6 16. Kh1 Kd8 17. Nh4 Nd4 18. Nf5 Qe6 19. Nxc7 Qc6 20. Nd5 Rf8
21. c3 Nxf5 22. exf5 b5 23. Bb3 h6 24. Qf3 Ra7 25. Ne3 Bb7 26. Qxc6 Bxc6 27. Bd5 h5 28. Bxc6 Rc7 29. Bf3 Re8 30. Nd5 Rc8
31. Bxh5 Rh8 32. Bg6 Rh5 33. Bxh5 Rc6 34. Rc1 e4 35. dxe4 Rc4 36. Bf3 Ke8 37. g4 Kf8 38. h4 Ke8 39. g5 fxg5 40. hxg5 Rc6
41. Bh5+ Kf8 42. f6 gxf6 43. Rxf6+ Kg7 44. Rf7+ Kg8 45. Rcf1 Rc4 46. Rf8+ Kg7 47. R1f7#
1-0

[Event "Vox Populi!!"]
[Site "SchemingMind.com"]
[Date "2008.05.18"]
[Round "-"]
[White "Jochen"]
[Black "mmccaffe"]
[Result "0-1"]
[WhiteCountry "GBR"]
[BlackCountry "USA"]
[WhiteElo "1129"]
[WhiteRD "69"]
[BlackElo "1614"]
[BlackRD "52"]
[GameID "155499"]

1. d4 Nf6 2. Bg5 Ne4 3. Nh3 Nxg5 4. Nxg5 h6 5. Ne4 d5 6. Nc5 e5 7. e3 Nc6 8. Nc3 exd4 9. Nb5 a6 10. Nxd4 Nxd4
11. Bd3 Bxc5 12. c3 Ne6 13. Qa4+ Bd7 14. Qg4 Qg5 15. Qg3 Qxg3 16. hxg3 O-O-O 17. b4 Ba7 18. Rh5 Rhe8 19. Rxd5 Bc6 20. Rf5 Rxd3
21. Rxf7 Rf8 22. Re7 Ng5 23. a3 Bxg2 24. Rxg7 Ne4 25. g4 Rxf2 26. Rg8+ Kd7 27. Rg7+ Kc6 28. Rg6+ Nd6 29. c4 Rf1+ 30. Ke2 Rxe3+
31. Kd2 Rf2+ 32. Kc1 Re1#
0-1

[Event "Vox Populi!!"]
[Site "SchemingMind.com"]
[Date "2008.05.20"]
[Round "-"]
[White "Carl Lenox"]
[Black "Ryan"]
[Result "0-1"]
[WhiteCountry "CAN"]
[BlackCountry "NED"]
[WhiteElo "1260"]
[WhiteRD "61"]
[BlackElo "2011"]
[BlackRD "118"]
[GameID "155777"]

1. e4 d5 2. Nc3 Nf6 3. Nf3 dxe4 4. Ne5 Bf5 5. Bc4 e6 6. O-O Qd4 7. Bb5+ c6 8. Nxf7 Kxf7 9. Ne2 Qd6 10. Bc4 Ke8
11. d3 e5 12. Be3 Nbd7 13. d4 Rd8 14. d5 cxd5 15. Bb5 Kf7 16. c4 d4 17. Bd2 Qb6 18. Qa4 Nc5 19. Qb4 Nd3 20. Qa4 e3
21. Ba5 Qd6 22. Bxd8 Qxd8 23. Qxa7 exf2+ 24. Kh1 Bc8 25. Qa3 Bxa3 26. b3 Rf8 27. Rad1 e4 28. Ng3 Kg8 29. Ne2 Ng4 30. Rb1 Qh4
31. h3 Rf3 32. Rxf2 Ngxf2+ 33. Kg1 Nxh3+ 34. Kh1 Ndf2+
0-1

[Event "Vox Populi!!"]
[Site "SchemingMind.com"]
[Date "2008.05.20"]
[Round "-"]
[White "palomo"]
[Black "smothered mate"]
[Result "0-1"]
[WhiteCountry "ARG"]
[BlackCountry "POL"]
[WhiteElo "1647"]
[WhiteRD "233"]
[BlackElo "1927"]
[BlackRD "49"]
[GameID "155778"]

1. e4 c5 2. Nf3 d6 3. d4 cxd4 4. Nxd4 Nf6 5. Nc3 g6 6. Be3 Bg7 7. Be2 O-O 8. O-O Nc6 9. Nb3 Qd7 10. h3 Rd8
11. f4 Qe6 12. Qe1 Nxe4 13. Bg4 f5 14. Bf3 Nxc3 15. bxc3 Qc4 16. Rd1 Qxc3 17. Qxc3 Bxc3 18. Bd5+ e6 19. Bxc6 bxc6 20. Nd4 Bd7
21. Ne2 Bb4 22. Rd4 Bc5 23. Rd3 Bxe3+ 24. Rxe3 Kf7 25. Rf2 c5 26. c4 Rab8 27. Rb3 Rb4 28. Nd4 Rxc4 29. Nb5 Bxb5 30. Rxb5 Rd7
31. g4 fxg4 32. hxg4 g5 33. fxg5+ Kg7 34. Kg2 Rxg4+ 35. Kf3 Rxg5
0-1

[Event "Vox Populi!!"]
[Site "SchemingMind.com"]
[Date "2008.05.20"]
[Round "-"]
[White "MarquezEd"]
[Black "yuk"]
[Result "0-1"]
[WhiteCountry "GUA"]
[BlackCountry "IRL"]
[WhiteElo "1780"]
[WhiteRD "154"]
[BlackElo "1858"]
[BlackRD "90"]
[GameID "155779"]

1. e4 d5 2. exd5 Nf6 3. c4 e6 4. Nc3 exd5 5. cxd5 Nxd5 6. Bc4 Be6 7. Qf3 c6 8. Bb3 Bc5 9. Nge2 O-O 10. O-O Nb4
11. Rd1 Bxb3 12. axb3 Nd3 13. Ne4 Bb6 14. Rf1 Re8 15. Qg4 Na6 16. N2g3 Qd4 17. Nf5 Rxe4 18. Qg3 Qxf2+ 19. Qxf2 Nxf2 20. d4 Nd3
21. Rb1 Nab4 22. Bd2 h6 23. Bc3 c5 24. Bxb4 Nxb4 25. dxc5 Bxc5+ 26. Kh1 Rae8 27. g3 Nd3 28. Kg2 Re2+ 29. Kh1 Rc2 30. Nh4 Ree2
31. Nf3 Ne5 32. Rbd1 Nxf3 33. Rxf3 Rxh2#
0-1

[Event "Vox Populi!!"]
[Site "SchemingMind.com"]
[Date "2008.05.20"]
[Round "-"]
[White "Ryan"]
[Black "Carl Lenox"]
[Result "1-0"]
[WhiteCountry "NED"]
[BlackCountry "CAN"]
[WhiteElo "2011"]
[WhiteRD "118"]
[BlackElo "1260"]
[BlackRD "61"]
[GameID "155788"]

1. e4 e5 2. Nc3 Nf6 3. Nf3 Nc6 4. Nxe5 Nxe5 5. d4 Be7 6. dxe5 Ng4 7. Qxg4 O-O 8. Bh6 g6 9. Bxf8 Bxf8 10. O-O-O d6
11. Qg3 Be6 12. Kb1 Qd7 13. Be2 Bg7 14. f4 a6 15. f5 Bxe5 16. fxe6 Qxe6 17. Qe3 Bg7 18. a3 a5 19. Bf3 Qc4 20. Qd3 Qc5
21. Rhf1 b5 22. Qxb5 Qe3 23. Rd3 Qa7 24. Qc4 Qb6 25. Nd1 a4 26. e5 Bxe5 27. Bxa8 Bxh2 28. Qxf7+
1-0

[Event "Vox Populi!!"]
[Site "SchemingMind.com"]
[Date "2008.05.20"]
[Round "-"]
[White "smothered mate"]
[Black "palomo"]
[Result "1-0"]
[WhiteCountry "POL"]
[BlackCountry "ARG"]
[WhiteElo "1913"]
[WhiteRD "52"]
[BlackElo "1458"]
[BlackRD "311"]
[GameID "155789"]

1. e4 e5 2. Nf3 Nc6 3. Nc3 Nf6 4. Nxe5 Nxe5 5. d4 Ng6 6. e5 Ng8 7. Bc4 Bb4 8. Qf3 d5 9. Bxd5 Be6 10. Bxb7 Bxc3+
11. bxc3 Rb8 12. Bc6+ Bd7 13. O-O Bxc6 14. Qxc6+ Qd7 15. Qa6 c6 16. f4 Rb6 17. Qd3 N8e7 18. f5 Nh4 19. f6 Nd5 20. fxg7 Qg4
21. gxh8=Q+ Ke7 22. Ba3+ Ke6 23. Qc8#
1-0

[Event "Vox Populi!!"]
[Site "SchemingMind.com"]
[Date "2008.05.20"]
[Round "-"]
[White "yuk"]
[Black "MarquezEd"]
[Result "1-0"]
[WhiteCountry "IRL"]
[BlackCountry "GUA"]
[WhiteElo "1705"]
[WhiteRD "134"]
[BlackElo "1394"]
[BlackRD "271"]
[GameID "155790"]

1. d4 d5 2. c4 e5 3. Nc3 dxc4 4. d5 Nf6 5. e4 Bg4 6. f3 Bh5 7. Bxc4 Bc5 8. Nge2 O-O 9. a3 c6 10. b4 Bb6
11. Bg5 cxd5 12. Nxd5 Nbd7 13. Qb3 a5 14. Rd1 Qb8 15. Bxf6 Nxf6 16. Nxb6 Ra7 17. O-O axb4 18. Qxb4 g5 19. h3 Kh8 20. Qe7 Kg7
21. Rd6 Qxd6 22. Qxd6 Re8 23. Nc3
1-0

[Event "Vox Populi!!"]
[Site "SchemingMind.com"]
[Date "2008.05.25"]
[Round "-"]
[White "SLAINTIE MHATH"]
[Black "Joe Daudish"]
[Result "0-1"]
[WhiteCountry "POL"]
[BlackCountry "USA"]
[WhiteElo "1529"]
[WhiteRD "61"]
[BlackElo "1729"]
[BlackRD "43"]
[GameID "156218"]

1. e4 e6 2. Nc3 d5 3. exd5 exd5 4. Qe2+ Be6 5. a3 Nf6 6. Qb5+ Nbd7 7. Qxb7 Qb8 8. Qc6 Bd6 9. Nb5 O-O 10. d3 Qb6
11. Qxb6 axb6 12. Nxd6 cxd6 13. d4 Rfc8 14. c3 Nf8 15. f3 Ng6 16. Bg5 h6 17. Bxf6 gxf6 18. g3 Ne7 19. Bd3 Kg7 20. g4 Ng6
21. Bxg6 Kxg6 22. h3 f5 23. O-O-O b5 24. Kb1 h5 25. Ne2 fxg4 26. Nf4+ Kg5 27. Nxe6+ fxe6 28. Rhg1 Rf8 29. fxg4 Rf3 30. Rde1 Rf6
31. Re3 Raf8 32. gxh5+ Kxh5 33. Reg3 Rf1+
0-1

[Event "Vox Populi!!"]
[Site "SchemingMind.com"]
[Date "2008.05.25"]
[Round "-"]
[White "Joe Daudish"]
[Black "SLAINTIE MHATH"]
[Result "1-0"]
[WhiteCountry "USA"]
[BlackCountry "POL"]
[WhiteElo "1729"]
[WhiteRD "43"]
[BlackElo "1529"]
[BlackRD "61"]
[GameID "156239"]

1. d4 c5 2. Nf3 cxd4 3. Nxd4 e5 4. Nb3 d5 5. g3 Bg4 6. h3 Be6 7. Bg2 Bb4+ 8. Bd2 Nc6 9. a3 Bd6 10. Nc3 e4
11. e3 Qg5 12. Ne2 f5 13. h4 Qg6 14. Bc3 Nf6 15. Nbd4 Nxd4 16. Bxd4 O-O 17. c3 Ng4 18. Nf4 Bxf4 19. exf4 Nf6 20. Bf1 b6
21. Be2 Qe8 22. O-O h5 23. Kg2 Ng4 24. Bxg4 fxg4 25. Qc2 Rc8 26. Qe2 Qe7 27. Rfc1 Rf7 28. a4 Bf5 29. a5 e3 30. Bxe3 Be4+
31. Kh2 d4 32. Bxd4 Rxf4 33. Re1 Re8 34. axb6 axb6 35. Bxb6
1-0

[Event "Vox Populi!!"]
[Site "SchemingMind.com"]
[Date "2008.06.11"]
[Round "-"]
[White "smothered mate"]
[Black "chesshub"]
[Result "0-1"]
[WhiteCountry "POL"]
[BlackCountry "FRA"]
[WhiteElo "1877"]
[WhiteRD "53"]
[BlackElo "2436"]
[BlackRD "69"]
[GameID "158910"]

1. e4 c5 2. c3 Nf6 3. e5 Nd5 4. g3 d6 5. exd6 Qxd6 6. Bg2 Nc6 7. Ne2 Bf5 8. d4 cxd4 9. Nxd4 Qe5+ 10. Qe2 Qxe2+
11. Nxe2 O-O-O 12. O-O e5 13. Nd2 h5 14. Nf3 Be7 15. Ng5 Rhf8 16. Ne4 Rd7 17. b4 Kb8 18. Bb2 Rfd8 19. a3 Nf6 20. Nxf6 Bxf6
21. Bc1 g5 22. Be3 Bd3 23. Rfe1 Bc4 24. Bf1 Ne7 25. g4 hxg4 26. Ng3 Bxf1 27. Kxf1 Nd5 28. Rac1 Nf4 29. Rc2 a6 30. Ne4 Be7
31. Bb6 Rh8 32. Kg1 f5 33. Nc5 Bxc5 34. Bxc5 Nd3 35. Rb1 Rdh7 36. Bd6+ Kc8 37. Rd1 Rxh2 38. Kf1 Nf4 39. Ke1 g3 40. Bxe5 Rh1+
41. Kd2 Rxd1+ 42. Kxd1 Rh1+ 43. Kd2 gxf2
0-1

[Event "Vox Populi!!"]
[Site "SchemingMind.com"]
[Date "2008.06.11"]
[Round "-"]
[White "chesshub"]
[Black "smothered mate"]
[Result "1-0"]
[WhiteCountry "FRA"]
[BlackCountry "POL"]
[WhiteElo "2421"]
[WhiteRD "74"]
[BlackElo "1926"]
[BlackRD "48"]
[GameID "158920"]

1. e4 c5 2. Nf3 d6 3. d4 cxd4 4. Nxd4 Nf6 5. Nc3 g6 6. Be3 Bg7 7. f3 O-O 8. Qd2 Nc6 9. Bc4 Bd7 10. O-O-O Rc8
11. Bb3 b5 12. Ndxb5 Ne5 13. Bxa7 Qa5 14. a4 Nc4 15. Qe1 Nxb2 16. Kxb2 Bxb5 17. Nxb5 Nxe4+ 18. Bd4
1-0

[Event "Vox Populi!!"]
[Site "SchemingMind.com"]
[Date "2008.07.15"]
[Round "-"]
[White "Iznogood"]
[Black "Ryan"]
[Result "1/2-1/2"]
[WhiteCountry "CAN"]
[BlackCountry "NED"]
[WhiteElo "1940"]
[WhiteRD "124"]
[BlackElo "1985"]
[BlackRD "111"]
[GameID "163560"]

1. c4 e5 2. Nc3 Nf6 3. g3 d5 4. cxd5 Nxd5 5. Bg2 Nb6 6. d3 Be7 7. Nf3 Nc6 8. O-O O-O 9. a3 Be6 10. b4 a5
11. b5 Nd4 12. Nxe5 Bf6 13. Bf4 g5 14. Bxg5 Bxg5 15. Bxb7 Rb8 16. Nc6 Nxc6 17. Bxc6 Bf6 18. Rc1 a4 19. Ne4 Be7 20. Nc5 Bh3
21. Re1 Qd4 22. e3 Qb2 23. Qh5 Bc8 24. d4 Qxa3 25. Qe5 Be6 26. d5 Bxc5 27. Qg5+ Kh8 28. Qf6+ Kg8 29. Qg5+ Kh8=
1/2-1/2

[Event "Vox Populi!!"]
[Site "SchemingMind.com"]
[Date "2008.07.15"]
[Round "-"]
[White "Ryan"]
[Black "Iznogood"]
[Result "1/2-1/2"]
[WhiteCountry "NED"]
[BlackCountry "CAN"]
[WhiteElo "1981"]
[WhiteRD "111"]
[BlackElo "1948"]
[BlackRD "116"]
[GameID "163567"]

1. e4 Nf6 2. e5 Nd5 3. d4 d6 4. Nf3 Nc6 5. c4 Nb6 6. e6 fxe6 7. Ng5 g6 8. Bd3 e5 9. d5 Nd4 10. Nc3 Bf5
11. Be3 h6 12. Bxf5 Nxf5 13. Ne6 Qd7 14. b3 a6 15. Bxb6 cxb6 16. Na4 Kf7 17. Nxb6 Qe8 18. Nxa8 Qxa8 19. O-O Qc8 20. Qg4 Bg7
21. Rae1 h5 22. Qe4 Bh6 23. f4 exf4 24. g3 fxg3 25. hxg3 Rh7 26. Rxf5+ gxf5 27. Qxf5+ Kg8 28. Qg6+ Kh8 29. Rf1 Qg8 30. Qxg8+ Kxg8
31. b4 Be3+ 32. Kg2 Rf7 33. Rxf7 Kxf7 34. Nd8+ Kf6 35. Nxb7 Bb6 36. c5 Bc7 37. cxd6 exd6 38. Kh3 Ke5 39. Kh4 Kxd5 40. Kxh5 Kc4
41. g4=
1/2-1/2

[Event "Vox Populi!!"]
[Site "SchemingMind.com"]
[Date "2008.08.26"]
[Round "-"]
[White "Joe Daudish"]
[Black "esteves101"]
[Result "0-1"]
[WhiteCountry "USA"]
[BlackCountry "PHI"]
[WhiteElo "1746"]
[WhiteRD "43"]
[BlackElo "2203"]
[BlackRD "70"]
[GameID "168001"]

1. d4 Nf6 2. Nf3 e6 3. Bf4 d5 4. h3 Bd6 5. Bxd6 Qxd6 6. c3 O-O 7. e3 Nbd7 8. Bd3 e5 9. dxe5 Nxe5 10. Nxe5 Qxe5
11. O-O Bf5 12. Bxf5 Qxf5 13. Nd2 Rfe8 14. Qb3 b6 15. Rad1 c5 16. Rc1 Kf8 17. Qc2 Qxc2 18. Rxc2 Ke7 19. a3 Ke6 20. e4 Nxe4
21. Nxe4 dxe4 22. Re1 f5 23. f3 Kf6 24. fxe4 Rxe4 25. Rf1 Rd8 26. Rff2 Rd1+ 27. Kh2 Rd3 28. Rcd2 c4 29. Rde2 Rxe2 30. Rxe2 g5
31. Kg1 h5 32. Kf2 f4 33. a4 g4 34. hxg4 hxg4 35. Rc2 Kf5 36. Ke2 Ke4 37. Kf2 g3+ 38. Ke2 f3+ 39. gxf3+ Rxf3 40. Ke1 Re3+
41. Kf1 Kf3 42. Rf2+ gxf2 43. b4 Rxc3 44. a5 Rc1#
0-1

[Event "Vox Populi!!"]
[Site "SchemingMind.com"]
[Date "2008.08.21"]
[Round "-"]
[White "yuk"]
[Black "mmccaffe"]
[Result "1-0"]
[WhiteCountry "IRL"]
[BlackCountry "USA"]
[WhiteElo "1891"]
[WhiteRD "69"]
[BlackElo "1607"]
[BlackRD "55"]
[GameID "168002"]

1. d4 Nf6 2. c4 e6 3. Nc3 Bb4 4. Nf3 Bxc3+ 5. bxc3 O-O 6. Bg5 h6 7. Bh4 g5 8. Bg3 c5 9. e3 cxd4 10. cxd4 d5
11. Bd3 dxc4 12. Bxc4 Nc6 13. h4 g4 14. Nd2 Nxd4 15. exd4 Qxd4 16. Rc1 h5 17. Qe2 b6 18. Be5 Qd8 19. Qe3 Nd5 20. Bxd5 exd5
21. O-O Re8 22. Qf4 Qxh4 23. Bf6
1-0

[Event "Vox Populi!!"]
[Site "SchemingMind.com"]
[Date "2008.08.26"]
[Round "-"]
[White "esteves101"]
[Black "Joe Daudish"]
[Result "1-0"]
[WhiteCountry "PHI"]
[BlackCountry "USA"]
[WhiteElo "2176"]
[WhiteRD "67"]
[BlackElo "1759"]
[BlackRD "45"]
[GameID "168009"]

1. e4 e6 2. Nf3 d5 3. e5 Ne7 4. d4 Ng6 5. h4 Be7 6. h5 Nf8 7. Be3 b6 8. Nc3 Bd7 9. Qd2 c5 10. h6 g6
11. Nb5 a6 12. Nd6+ Bxd6 13. exd6 c4 14. Bg5 f6 15. Qf4 e5 16. Qxf6 Qxf6 17. Bxf6 Rg8 18. dxe5 Kf7 19. Ng5+ Ke8 20. O-O-O Bc6
21. e6 Ra7 22. Bxc4 dxc4 23. d7+ Nbxd7 24. exd7+ Bxd7 25. Rhe1+ Ne6 26. Rxe6+ Kf8 27. Nxh7+ Kf7 28. Re7#
1-0

[Event "Vox Populi!!"]
[Site "SchemingMind.com"]
[Date "2008.08.21"]
[Round "-"]
[White "mmccaffe"]
[Black "yuk"]
[Result "0-1"]
[WhiteCountry "USA"]
[BlackCountry "IRL"]
[WhiteElo "1607"]
[WhiteRD "55"]
[BlackElo "1891"]
[BlackRD "69"]
[GameID "168010"]

1. c4 Nf6 2. Nc3 e6 3. g3 Be7 4. Bg2 O-O 5. Nf3 d5 6. cxd5 exd5 7. Qb3 c6 8. O-O Nbd7 9. d3 h6 10. Bd2 Re8
11. Rfe1 Bc5 12. Na4 Bd6 13. e3 b5 14. Nc3 Nc5 15. Qc2 Bf5 16. Bf1 Qd7 17. Nh4 Bh7 18. f4 a5 19. f5 Bxf5 20. Nxf5 Qxf5
21. Be2 Qg6 22. a4 b4 23. Nd1 Re6 24. Nf2 Bxg3 25. hxg3 Qxg3+ 26. Kf1 Nfe4 27. Nxe4 Nxe4 28. dxe4 Rf6+
0-1

[Event "Vox Populi!!"]
[Site "SchemingMind.com"]
[Date "2008.09.25"]
[Round "-"]
[White "Iznogood"]
[Black "yuk"]
[Result "1-0"]
[WhiteCountry "CAN"]
[BlackCountry "IRL"]
[WhiteElo "1976"]
[WhiteRD "104"]
[BlackElo "1900"]
[BlackRD "69"]
[GameID "172596"]

1. c4 Nf6 2. Nf3 c5 3. g3 Nc6 4. Nc3 e6 5. Bg2 d5 6. cxd5 exd5 7. d4 Be6 8. O-O Be7 9. Bg5 Qb6 10. Na4 Qa5
11. dxc5 Bxc5 12. Nxc5 Qxc5 13. Bxf6 gxf6 14. Rc1 Qb6 15. b3 h5 16. Qd2 O-O-O 17. Rc2 Kb8 18. Rfc1 Ka8 19. Qf4 d4 20. Qxf6 Rhg8
21. Rxc6 bxc6 22. Ne5 Bd5 23. Nxc6 Bxg2 24. Nxd8 Rxd8 25. Qxb6 axb6 26. Kxg2 Kb7 27. Kf3 b5 28. Ke4 Kb6 29. Rc2 Ka5 30. Rc5 Kb4
31. Rxh5
1-0

[Event "Vox Populi!!"]
[Site "SchemingMind.com"]
[Date "2008.09.24"]
[Round "-"]
[White "yuk"]
[Black "Iznogood"]
[Result "1-0"]
[WhiteCountry "IRL"]
[BlackCountry "CAN"]
[WhiteElo "1900"]
[WhiteRD "69"]
[BlackElo "1976"]
[BlackRD "104"]
[GameID "172600"]

1. d4 Nf6 2. c4 g6 3. Nc3 Bg7 4. e4 d6 5. Nge2 O-O 6. Ng3 Nc6 7. d5 Ne5 8. f4 Ned7 9. Be2 c6 10. O-O cxd5
11. cxd5 Qb6+ 12. Kh1 e5 13. f5 a6 14. Bd2 Qd8 15. Qc1 b5 16. a3 Bb7 17. Bh6 Rc8 18. Bxg7 Kxg7 19. fxg6 fxg6 20. Qg5 h6
21. Nf5+ Kf7 22. Nxh6+ Kg7 23. Nf5+ Kf7 24. Nxd6+ Kg7 25. Nxc8 Bxc8 26. Rf3 Rh8 27. Raf1 Rh5 28. Qg3 Rh6 29. Bd3 Qe7 30. Nd1 Nh5
31. Rf7+ Qxf7 32. Rxf7+ Kxf7 33. Qg5 Rh8 34. Nf2 Nhf6 35. Bb1 Bb7 36. h3 Rh5 37. Qe3 Rh8 38. Ba2 Kg7 39. Kg1 Rc8 40. Ng4 Nxg4
41. hxg4 Nf6 42. Qa7 Rc1+ 43. Kh2 Rc7 44. Qb6 Rd7 45. Qe6 Bc8 46. Qxe5 Rd8 47. g5
1-0

[Event "Vox Populi!!"]
[Site "SchemingMind.com"]
[Date "2008.12.05"]
[Round "-"]
[White "esteves101"]
[Black "chesshub"]
[Result "0-1"]
[WhiteCountry "PHI"]
[BlackCountry "FRA"]
[WhiteElo "2166"]
[WhiteRD "80"]
[BlackElo "2459"]
[BlackRD "72"]
[GameID "181776"]

1. e4 c5 2. Nc3 Nc6 3. Nf3 d6 4. d4 cxd4 5. Nxd4 Nf6 6. Bb5 Bd7 7. Nxc6 bxc6 8. Be2 g6 9. O-O Bg7 10. Bf4 Rb8
11. Rb1 O-O 12. e5 Ne8 13. exd6 Nxd6 14. Qd2 Be6 15. a4 Rb4 16. Rfd1 Qb8 17. Qc1 Qb7 18. Bf3 Bf5 19. Bd2 Nc4 20. b3 Nxd2
21. Qxd2 Qb6 22. Ne2 a5 23. Ng3 Be6 24. Ne4 c5 25. Qg5 Bf5 26. Re1 e6 27. Qe3 Rd8 28. Rbd1 Rdd4 29. Rxd4 cxd4 30. Qe2 e5
31. Ng3 Be6 32. Ne4 h6 33. Ng3 f5 34. Qd2 Qc5 35. Be2 Kh7 36. Bd3 e4 37. Bb5 Bf6 38. Qe2 h5 39. Qd2 d3 40. cxd3 Qd6
41. Qe3 Rxb3 42. Qa7+ Bg7 43. dxe4 Qd2 44. Ra1 h4 45. Nf1 Qg5 46. exf5 Bd5 47. g3 Qxf5 48. Rd1 Qf3
0-1

[Event "Vox Populi!!"]
[Site "SchemingMind.com"]
[Date "2008.12.05"]
[Round "-"]
[White "chesshub"]
[Black "esteves101"]
[Result "1-0"]
[WhiteCountry "FRA"]
[BlackCountry "PHI"]
[WhiteElo "2451"]
[WhiteRD "67"]
[BlackElo "2215"]
[BlackRD "77"]
[GameID "181788"]

1. e4 e5 2. Nf3 Nc6 3. Bb5 a6 4. Ba4 Bc5 5. O-O Nf6 6. c3 b5 7. Bc2 Ba7 8. d4 d6 9. h3 O-O 10. Be3 Re8
11. Nbd2 exd4 12. cxd4 Qe7 13. Re1 Qd7 14. d5 Nb4 15. Bxa7 Rxa7 16. Bb1 a5 17. Nb3 a4 18. Nbd4 Rb7 19. Qd2 Na6 20. b4 axb3
21. axb3 Nc5 22. Ra8 Ncxe4 23. Bxe4 Rxe4 24. Rxe4 Nxe4 25. Qc2 f5 26. Ne6 Nf6 27. Nfd4 f4 28. Qf5 Kh8 29. Nc6 h6 30. Qg6 Ne8
31. Rxc8
1-0

[Event "Vox Populi!!"]
[Site "SchemingMind.com"]
[Date "2009.04.16"]
[Round "-"]
[White "yuk"]
[Black "chesshub"]
[Result "0-1"]
[WhiteCountry "IRL"]
[BlackCountry "FRA"]
[WhiteElo "1844"]
[WhiteRD "68"]
[BlackElo "2458"]
[BlackRD "73"]
[GameID "200266"]

1. d4 Nf6 2. c4 e6 3. Nc3 Bb4 4. Bg5 h6 5. Bh4 c5 6. a3 Bxc3+ 7. bxc3 Qa5 8. Qd3 cxd4 9. Bxf6 gxf6 10. Qxd4 Nc6
11. Qd2 b6 12. e3 Ba6 13. Nf3 Rg8 14. g3 Qc5 15. Qa2 Rc8 16. Be2 f5 17. Rd1 Ke7 18. O-O Na5 19. Rd4 Bxc4 20. Bxc4 Nxc4
21. Rfd1 d5 22. Rh4 Qxa3 23. Qxa3+ Nxa3 24. Rxh6 Rxc3 25. Nd4 b5 26. Rh4 Rb8 27. Ra1 b4 28. Kg2 a5 29. Rf4 Nc2 30. Nxc2 Rxc2
31. Rxa5 b3 32. Ra7+ Kf6 33. Rh4 b2 34. Rh7 b1=Q 35. Raxf7+ Ke5
0-1

[Event "Vox Populi!!"]
[Site "SchemingMind.com"]
[Date "2009.04.14"]
[Round "-"]
[White "chesshub"]
[Black "yuk"]
[Result "1-0"]
[WhiteCountry "FRA"]
[BlackCountry "IRL"]
[WhiteElo "2458"]
[WhiteRD "73"]
[BlackElo "1844"]
[BlackRD "68"]
[GameID "200273"]

1. e4 d5 2. exd5 Nf6 3. d4 Nxd5 4. Nf3 Bg4 5. Be2 e6 6. O-O Bd6 7. h3 Bh5 8. c4 Nf4 9. Bxf4 Bxf4 10. Qb3 Nd7
11. Qxb7 Rb8 12. Qe4 Qf6 13. g3 Bh6 14. Ne5 Bxe2 15. Qxe2 Nxe5 16. dxe5 Qf5 17. Nc3 O-O 18. Kg2 g6 19. f4 Rfd8 20. Ne4 Rd4
21. Rae1 Rxe4 22. Qxe4 Rxb2+ 23. Rf2 Rxf2+ 24. Kxf2 Qxe4 25. Rxe4 Bf8 26. Re2 Bc5+ 27. Kf3 h5 28. Rb2 Bb6 29. a4 Kf8 30. a5 Bxa5
31. Rb5 Bc3 32. Rc5 a5 33. Ke4 Be1 34. Rxc7 Bxg3 35. Rc8+ Ke7 36. c5 Bf2 37. c6 Bb6 38. Kd3 f6 39. Kc4 fxe5 40. Kb5 Be3
41. Rg8 exf4 42. c7 f3 43. c8=Q f2 44. Qd8+ Kf7 45. Qf8#
1-0